000 00584nam a2200217Ia 4500
003 OSt
005 20230405121934.0
008 210423s2005 xx 000 0 und d
020 _a9788120306240
040 _cAL
041 _aeng
082 _a658.3
_223
_b DECD
100 _aDeCENZO (David A);ROBBINS (Stephen).
_983327
245 _aPersonnel or human resource management.
250 _a3
260 _aNew Delhi
_bPrentice-Hall of India
_c2005
300 _axvii,637
_bPB
365 _b275
_cINR
906 _ahuman ; management. ; Personnel ; resource
942 _2ddc
_cBK
999 _c156904
_d156904